Siete habitaciones a oscuras / (Registro nro. 15842)
[ vista simple ]
| 000 -LEADER | |
|---|---|
| fixed length control field | 01768nam a22003017a 4500 |
| 003 - CONTROL NUMBER IDENTIFIER | |
| control field | OSt |
| 005 - DATE AND TIME OF LATEST TRANSACTION | |
| control field | 20220323124947.0 |
| 008 - FIXED-LENGTH DATA ELEMENTS--GENERAL INFORMATION | |
| fixed length control field | 220323s2008 mx a|||br|||| 00| f spa d |
| 020 ## - INTERNATIONAL STANDARD BOOK NUMBER | |
| International Standard Book Number | 9789700918518 |
| 040 ## - CATALOGING SOURCE | |
| Original cataloging agency | CO-JMCR |
| Transcribing agency | CO-JMCR |
| 041 0# - LANGUAGE CODE | |
| Language code of text/sound track or separate title | spa |
| 082 04 - DEWEY DECIMAL CLASSIFICATION NUMBER | |
| Classification number | N / |
| Item number | AGUs |
| 100 1# - MAIN ENTRY--PERSONAL NAME | |
| Personal name | Aguilera, Gabriela, |
| 9 (RLIN) | 41981 |
| 245 10 - TITLE STATEMENT | |
| Title | Siete habitaciones a oscuras / |
| Statement of responsibility, etc. | Gabriela Aguilera, M. B. Brozon, Juan Pablo Gázquez, [y otros 5] |
| 250 ## - EDITION STATEMENT | |
| Edition statement | Primera edición |
| 260 ## - PUBLICATION, DISTRIBUTION, ETC. | |
| Place of publication, distribution, etc. | México : |
| Name of publisher, distributor, etc. | Norma, |
| Date of publication, distribution, etc. | 2007. |
| 300 ## - PHYSICAL DESCRIPTION | |
| Extent | 141 páginas : |
| Other physical details | ilustraciones a blanco y negro ; |
| Dimensions | 20 cm. |
| 490 1# - SERIES STATEMENT | |
| Series statement | Torre de papel ; |
| -- | Amarillo |
| 505 0# - FORMATTED CONTENTS NOTE | |
| Title | Abddon Tenebrae / |
| Statement of responsibility | Antonio Malpica. -- |
| Title | Fábula del pez y el desierto. / |
| Statement of responsibility | Gabriela Aguilera. -- |
| Title | Un silencioso encierro / |
| Statement of responsibility | Javier Malpica. -- |
| Title | y tú, ¿qué esperas para morirte?. / |
| Statement of responsibility | M. B. Bronzon. -- |
| Title | El ajo o el olimpo. / |
| Statement of responsibility | Juan Pablo Gázquez. -- |
| Title | Las posibilidades del azul. / |
| Statement of responsibility | Ana Romero. -- |
| Title | muchas moscas muchas. / |
| Statement of responsibility | Juan Carlos Quezadas. |
| 520 #3 - SUMMARY, ETC. | |
| Summary, etc. | Este libro reúne siete historias que se abren, como las puertas de una casa lúgubre, para narrar el misterio de un videojuego; unas vacaciones desconcertantes en la playa; el encierro en un edificio abandonado; el tener que cuidar a un tenebroso viejo que está a punto de morir; la lucha por rescatar a un bebé del limbo; el asedio de seres extraños y la invasión de insectos molestos. Sé valiente y atrévete a leer estas escalofriantes narraciones de terror. |
| 521 1# - TARGET AUDIENCE NOTE | |
| Target audience note | A partir de los 11 años. |
| Source | Tapa posterior. |
| 650 14 - SUBJECT ADDED ENTRY--TOPICAL TERM | |
| Topical term or geographic name entry element | Cuento infantil |
| 650 24 - SUBJECT ADDED ENTRY--TOPICAL TERM | |
| Topical term or geographic name entry element | Literatura infantil |
| 650 24 - SUBJECT ADDED ENTRY--TOPICAL TERM | |
| Topical term or geographic name entry element | insectos en la literatura |
| 9 (RLIN) | 537 |
| 700 1# - ADDED ENTRY--PERSONAL NAME | |
| Personal name | Brozon, M. B. |
| Relator term | autor |
| 9 (RLIN) | 41982 |
| 700 1# - ADDED ENTRY--PERSONAL NAME | |
| Personal name | Gázquez, Juan Pablo |
| Relator term | autor |
| 9 (RLIN) | 41983 |
| 942 ## - ADDED ENTRY ELEMENTS (KOHA) | |
| Source of classification or shelving scheme | Dewey Decimal Classification |
| Koha item type | Books |
| Withdrawn status | Lost status | Source of classification or shelving scheme | Damaged status | Not for loan | Home library | Current library | Shelving location | Date acquired | Source of acquisition | Total Checkouts | Total Renewals | Full call number | Barcode | Date last seen | Date last checked out | Copy number | Price effective from | Koha item type |
|---|---|---|---|---|---|---|---|---|---|---|---|---|---|---|---|---|---|---|
| Dewey Decimal Classification | Biblioteca Pública José María del Castillo y Rada | Biblioteca Pública José María del Castillo y Rada | Processing Center | Donación | 10 | 1 | C / AGUs | 201811826 | 11/20/2025 | 11/20/2025 | Ej.1 | 03/23/2022 | Books |